Tribhuvan University Central Library

Nationalism and ethnic conflict in Nepal; identities and mobilization after 1990 (Record no. 72595)

MARC details
000 -LEADER
fixed length control field 00616 a2200217 4500
020 ## - INTERNATIONAL STANDARD BOOK NUMBER
International Standard Book Number 9780415780971
082 ## - DEWEY DECIMAL CLASSIFICATION NUMBER
Classification number 305.8
Item number L299n
-- N
100 ## - MAIN ENTRY--PERSONAL NAME
Personal name Lawoti, Mahendra, ed.
100 ## - MAIN ENTRY--PERSONAL NAME
Personal name Hangen, Susan, ed.
245 ## - TITLE STATEMENT
Title Nationalism and ethnic conflict in Nepal; identities and mobilization after 1990
260 ## - PUBLICATION, DISTRIBUTION, ETC.
Place of publication, distribution, etc. London:
Name of publisher, distributor, etc. Routledge,
Date of publication, distribution, etc. 2013
300 ## - PHYSICAL DESCRIPTION
Extent xviii, 266p.
504 ## - BIBLIOGRAPHY, ETC. NOTE
Bibliography, etc. note Includes bibliography
650 ## - SUBJECT ADDED ENTRY--TOPICAL TERM
Topical term or geographic name entry element Politics
650 ## - SUBJECT ADDED ENTRY--TOPICAL TERM
Topical term or geographic name entry element Political activitiies
650 ## - SUBJECT ADDED ENTRY--TOPICAL TERM
Topical term or geographic name entry element Ethnic relations
650 ## - SUBJECT ADDED ENTRY--TOPICAL TERM
Topical term or geographic name entry element Nationalism
650 ## - SUBJECT ADDED ENTRY--TOPICAL TERM
Topical term or geographic name entry element Politics and government
653 ## - INDEX TERM--UNCONTROLLED
Uncontrolled term Ethnic groups
942 ## - ADDED ENTRY ELEMENTS (KOHA)
Source of classification or shelving scheme Dewey Decimal Classification
Koha item type N
Holdings
Withdrawn status Lost status Source of classification or shelving scheme Damaged status Not for loan Home library Current library Date acquired Total Checkouts Full call number Barcode Date last seen Price effective from Koha item type Total Renewals Date last checked out
    Dewey Decimal Classification     Tribhuvan University Central Library Tribhuvan University Central Library 05/28/2014   305.8 L299n 149666 05/28/2014 05/28/2014 N    
    Dewey Decimal Classification     Tribhuvan University Central Library Tribhuvan University Central Library 05/28/2014   305.8 L299n 149667 05/28/2014 05/28/2014 N    
    Dewey Decimal Classification     Tribhuvan University Central Library Tribhuvan University Central Library 12/18/2017 4 305.8 L299n 154276 02/01/2024 12/18/2017 General NC 2 01/05/2024
    Dewey Decimal Classification     Tribhuvan University Central Library Tribhuvan University Central Library 04/27/2021   305.8 L299n N G78689 04/27/2021 04/27/2021 N    
    Dewey Decimal Classification     Tribhuvan University Central Library Tribhuvan University Central Library 10/04/2023 1 305.8 L299n G91264 01/24/2024 10/04/2023 General NC   01/05/2024